[Event "Moscow Open RSSU Cup 2019"]
[Site "Moscow"]
[Date "2019.02.03"]
[Round "9"]
[White "Shukh, Nikolai"]
[Black "Radzhabov, Rodion"]
[Result "0-1"]
[WhiteElo "2459"]
[BlackElo "2329"]
[Annotator "TA"]
[PlyCount "52"]
[EventDate "2019.01.26"]
[EventType "swiss"]
[EventCountry "RUS"]
[SourceTitle "playchess.com"]
[Source "ChessBase"]
[SourceQuality "1"]

{[%evp 20,52,41,35,33,23,14,33,17,0,0,0,0,-89,-86,-89,-87,-95,-103,-105,-26,-21,-20,-242,-241,-258,-110,-178,-171,-382,-379,-472,-402,-695,-689]} 1. e4 c5 2. Nf3 Nc6 3. d4 cxd4 4. Nxd4 Qc7 5. Nc3 e6 6. Be3 a6 7. Qf3 {B48: Sicilian: Taimanov: 5 Nc3 Qc7 6 Be3 a6 without Be2} (7. Qd2 b5 8. O-O-O Nxd4 9. Bxd4 Bb7 10. f3 Nf6 11. Qg5 Rc8 12. Bd3 h6 13. Qg3 Qxg3 14. hxg3 Bc5 15. Ne2 Bxd4 16. Nxd4 {½-½ (32) Radjabov,T (2757)-Rapport,R (2731) Wijk aan Zee 2019}) 7... Ne5 8. Qg3 h5 9. O-O-O h4 10. Qh3 b5 11. f4 {LiveBook: 17 Games} Nc4 12. Bxc4 $1 Qxc4 13. f5 $146 ({Predecessor:} 13. Kb1 Bb7 14. f5 Rc8 {½-½ (27) Kollars,D (2500)-Soumya,S (2375) Caleta 2017}) 13... Bb7 $1 14. fxe6 dxe6 15. Rhf1 Rc8 16. Kb1 (16. Rxf7 $11 {remains equal.} Kxf7 17. Nf3) 16... Nf6 $17 17. e5 {[#]} Ne4 $1 {[%cal Re4c3]} 18. Nxe4 Bxe4 19. Rf2 Qd5 (19... Bg6 $17 20. Qf3 Bb4) 20. Qg4 $1 $11 Bg6 21. Qf4 $2 {[#]} (21. Bg5 $1 $11 {and White is okay.}) 21... Rh5 $1 $19 22. Rff1 Qxg2 (22... Rxe5 $19 {is more deadly. Threatens to win with ...Bc5.} 23. Qf2 Qc4) 23. Ka1 (23. Nxe6 $17 {was worth a try.} Bxc2+ 24. Ka1) 23... Be7 $36 {[%mdl 2048] Black is on the roll.} 24. Nf3 $2 (24. Rg1 {keeps fighting.} Qd5 25. Nf3) 24... Rc4 25. Bd4 Qxc2 26. b3 {[#]} (26. Qe3 $142) 26... Bb4 $1 {[%mdl 512] Precision: White = 34%, Black = 60%.} 0-1

[Event "Moscow Open RSSU Cup 2019"]
[Site "Moscow"]
[Date "2019.02.03"]
[Round "9"]
[White "Lugovskoy, Maxim"]
[Black "Tutisani, Noe"]
[Result "0-1"]
[WhiteElo "2445"]
[BlackElo "2468"]
[Annotator "RC"]
[PlyCount "130"]
[EventDate "2019.01.26"]
[EventType "swiss"]
[EventCountry "RUS"]
[SourceTitle "playchess.com"]
[Source "ChessBase"]
[SourceQuality "1"]
[TimeControl "40/5400+30:1800+30"]

1. d4 {[%emt 0:00:00]} Nf6 {[%emt 0:00:21]} 2. g3 {[%emt 0:00:00]} g6 {[%emt 0:00:57]} 3. Bg2 {[%emt 0:00:00]} d5 {[%emt 0:00:05]} 4. Nf3 {[%emt 0:00:00]} Bg7 {[%emt 0:00:05]} 5. O-O {[%emt 0:00:00]} O-O {[%emt 0:00:06]} 6. c4 {[%emt 0:00:02]} c6 {[%emt 0:00:05]} 7. Qb3 Qb6 {[%emt 0:00:11]} 8. Nc3 {[%emt 0:01:14]} Be6 {[%emt 0:00:38]} 9. c5 {[%emt 0:06:52]} Qa6 {[%emt 0:04:49]} 10. Bf4 {[%emt 0:20:03]} b6 {[%emt 0:00:30]} 11. cxb6 axb6 12. Ne5 {[%emt 0:02:46]} Nh5 {[%emt 0:01:26]} 13. Rfc1 {[%emt 0:04:43]} Rd8 {[%emt 0:10:30]} 14. a4 {[%emt 0:14:12]} h6 {[%emt 0:07:32]} 15. Qa3 {[%emt 0:03:51]} Qb7 {[%emt 0:05:32]} 16. b4 {[%emt 0:01:02]} Nxf4 {[%emt 0:14:40]} 17. gxf4 {[%emt 0:00:34]} Nd7 {[%emt 0:00:11]} 18. b5 {[%emt 0:04:23]} Nxe5 {[%emt 0:01:58]} 19. fxe5 {[%emt 0:00:03]} cxb5 {[%emt 0:00:51]} 20. Nxb5 {[%emt 0:00:05]} Rdc8 {[%emt 0:00:04]} 21. Qb3 {[%emt 0:03:28]} Qd7 {[%emt 0:05:07]} 22. Nc3 {[%emt 0:01:04]} Rc4 {[%emt 0:00:34]} 23. Qxb6 {[%emt 0:13:38]} Rac8 {[%emt 0:00:40]} 24. a5 {[%emt 0:01:48]} Bh3 {[%emt 0:04:42]} 25. f3 {[%emt 0:05:46]} h5 {[%emt 0:04:41]} 26. a6 {[%emt 0:06:09]} Bh6 {[%emt 0:00:20]} 27. a7 {[%emt 0:00:25]} Be3+ {[%emt 0:00:53]} 28. Kh1 {[%emt 0:00:10]} Bxd4 {[%emt 0:01:21]} 29. e6 {[%emt 0:00:57]} Bxe6 {[%emt 0:01:20]} 30. Qb8 {[%emt 0:10:09]} Bxa7 31. Qxa7 {[%emt 0:00:44]} Qxa7 {[%emt 0:00:09]} 32. Rxa7 {[%emt 0:00:06]} Rxc3 {[%emt 0:00:04]} 33. Rxc3 {[%emt 0:00:04]} Rxc3 {[%emt 0:00:03]} 34. Kg1 {[%emt 0:00:04]} Kf8 {[%emt 0:00:04]} 35. Kf2 {[%emt 0:00:20]} d4 {[%emt 0:00:46]} 36. f4 {[%emt 0:01:00]} Rc2 {[%emt 0:00:39]} 37. Be4 {[%emt 0:00:07]} Rc8 {[%emt 0:01:42]} 38. Bd3 {[%emt 0:00:44]} Rd8 {[%emt 0:00:32]} 39. Kf3 {[%emt 0:00:16]} Bg4+ {[%emt 0:00:20]} 40. Kg3 {[%emt 0:00:00]} Rd7 {[%emt 0:00:00]} 41. Ra6 {[%emt 0:01:16]} Kg7 {[%emt 0:02:18]} 42. Rb6 {[%emt 0:00:15]} e6 {[%emt 0:05:01]} 43. h3 {[%emt 0:01:44]} Bf5 {[%emt 0:02:08]} 44. Bxf5 {[%emt 0:00:07]} gxf5 {[%emt 0:01:25]} 45. Rb3 {[%emt 0:00:34]} Rc7 {[%emt 0:01:24]} 46. Kh4 {[%emt 0:02:09]} Rc3 {[%emt 0:00:11]} 47. Rb2 {[%emt 0:01:45]} Kf6 {[%emt 0:03:03]} 48. Rd2 {[%emt 0:02:28]} e5 {[%emt 0:00:23]} 49. fxe5+ {[%emt 0:00:06]} Kxe5 {[%emt 0:00:04]} 50. Ra2 {[%emt 0:00:21]} Kf4 {[%emt 0:01:08]} 51. Ra7 {[%emt 0:00:37]} Re3 {[%emt 0:00:22]} 52. Rd7 {[%emt 0:00:32]} Ke4 {[%emt 0:03:33]} 53. Re7+ {[%emt 0:00:06]} Kd5 {[%emt 0:01:21]} 54. Rd7+ {[%emt 0:02:59]} Kc4 {[%emt 0:01:12]} 55. Rxf7 {[%emt 0:02:59]} Rxe2 {[%emt 0:00:10]} 56. Kxh5 {[%emt 0:00:06]} d3 {[%emt 0:02:28]} 57. Kg5 {[%emt 0:00:31]} Re5 {[%emt 0:01:00]} 58. Kf4 {[%emt 0:00:42]} Rd5 {[%emt 0:03:15]} 59. Rc7+ {[%emt 0:00:14]} Kb3 {[%emt 0:00:34]} 60. Rb7+ {[%emt 0:00:17]} Kc2 {[%emt 0:00:35]} 61. Rc7+ {[%emt 0:00:04]} Kd1 {[%emt 0:00:40]} 62. h4 {[%emt 0:00:53]} d2 {[%emt 0:00:10]} 63. Ke3 {[%emt 0:00:24]} Ke1 {[%emt 0:00:13]} 64. Rg7 {[%emt 0:00:05]} f4+ {[%emt 0:00:16]} 65. Ke4 {[%emt 0:00:09]} Rd8 {[%emt 0:02:20]} 0-1

[Event "Moscow Open RSSU Cup 2019"]
[Site "Moscow"]
[Date "2019.02.02"]
[Round "9"]
[White "Faizrakhmanov, Ramil"]
[Black "Tsydypov, Zhamsaran"]
[Result "1/2-1/2"]
[WhiteElo "2441"]
[BlackElo "2545"]
[Annotator "TA"]
[PlyCount "120"]
[EventDate "2019.01.26"]
[EventType "swiss"]
[EventCountry "RUS"]
[SourceTitle "playchess.com"]
[Source "ChessBase"]
[SourceQuality "1"]

{[%evp 14,120,55,40,55,51,51,45,47,40,48,64,74,54,60,23,36,39,40,33,56,9,11,12,16,25,18,16,33,36,60,44,60,52,35,0,0,0,0,0,0,0,0,0,0,0,0,-12,-12,-12,-2,-5,-9,-34,-35,-60,-56,-72,-60,-62,-69,-68,-76,-78,-78,-85,-85,-106,-93,-105,-105,-106,-104,-147,-124,-140,-140,-140,-140,-127,-62,-105,-8,-8,-8,-8,-8,-8,-8,-8,-8,-8,-8,-11,-8,-8,-8,-8,-8,-8,-8,-8,-8,-8,-8,-8,-8,-8,-8]} 1. d4 Nf6 $146 ({Predecessor:} 1... d6 2. e4 g6 3. c4 Bg7 4. Nc3 a6 5. h3 Nf6 6. Nf3 {1-0 (48) Zvjaginsev,V (2610)-Davies,N (2505) Kolkata 1997}) 2. c4 g6 3. Nc3 Bg7 4. e4 O-O 5. Nf3 d6 6. h3 a6 7. Be3 c6 8. Bd3 b5 {E90: King's Indian: Classical: Early deviations and 6 h3} 9. O-O bxc4 10. Bxc4 d5 {White is slightly better.} 11. Bd3 dxe4 12. Nxe4 Nd5 13. Bg5 Qb6 14. Qa4 ({Predecessor:} 14. Nc3 Qxb2 15. Nxd5 cxd5 16. Bxe7 {1-0 (48) Zvjaginsev,V (2610)-Davies,N (2505) Kolkata 1997}) 14... a5 15. Rac1 Ba6 16. Bxa6 Nxa6 {[%cal Bb8a6,Ba6b4,Bb4d3][%mdl 32]} 17. Qxc6 (17. Rxc6 {is more complex.} Qxb2 18. a3 Qb7 19. Rfc1 Nb8 20. R6c5) 17... Qxc6 18. Rxc6 Nab4 19. Rc5 e6 20. Bd2 Nd3 21. Rb5 Rfb8 22. Rxb8+ Rxb8 23. b3 N3b4 24. Rc1 Nxa2 25. Rc5 Nab4 26. Ne5 Bxe5 27. dxe5 Nd3 28. Rxa5 Nxe5 29. Nc5 Nc6 30. Ra4 Rb5 31. Rc4 Nb6 32. Rc1 Nd4 33. Kf1 Nd5 34. Bh6 f6 $1 35. Rc4 e5 36. g3 Kf7 37. h4 Nxb3 38. Ne4 {And now Nd6+ would win.} Rb4 39. Rxb4 Nxb4 $17 {[%mdl 4096] Endgame KBN-KNN} 40. f3 Nd4 41. Kg2 Nd3 42. Bd2 Ke6 43. g4 Ne2 44. Be3 h5 45. Kf1 {[#]} Nef4 $1 46. Ng3 hxg4 ({Black should try} 46... Nd5 $17 {Hoping for ...hxg4.} 47. Bd2 N3f4) 47. fxg4 $15 f5 ({Black should play} 47... Nd5 $17 48. Bd2 Nc5) 48. gxf5+ $11 {The position is equal.} gxf5 {aiming for ...Nd5.} 49. h5 Nd5 50. Bg5 $1 f4 51. h6 Kf7 52. Nh5 Kg6 {[%mdl 64] [#] ...e4 is the strong threat. Double Attack} 53. Ke2 Nc5 (53... Kxg5 $2 54. h7 $18) 54. Kf3 e4+ ({But not} 54... Kxg5 $2 55. h7 $18) 55. Kg4 f3 {White must now prevent ...Nd7.} 56. Ng3 f2 57. Nf1 Nd3 58. Kg3 Nc3 59. Be3 Nd1 60. Kg2 Nxe3+ {Accuracy: White = 64%, Black = 77%.} 1/2-1/2

[Event "Moscow Open RSSU Cup 2019"]
[Site "Moscow"]
[Date "2019.02.02"]
[Round "9"]
[White "Samusenko, Maksim"]
[Black "Iljiushenok, Ilia"]
[Result "1/2-1/2"]
[WhiteElo "2440"]
[BlackElo "2533"]
[Annotator "TA"]
[PlyCount "70"]
[EventDate "2019.01.26"]
[EventType "swiss"]
[EventCountry "RUS"]
[SourceTitle "playchess.com"]
[Source "ChessBase"]
[SourceQuality "1"]

{[%evp 21,70,0,4,12,2,-5,8,-14,40,0,-9,-35,-30,-26,-2,-66,0,-60,-66,-58,-64,-75,-74,-97,-96,-93,-97,-97,-90,-179,-146,-146,-88,-81,-42,-62,-47,-56,0,0,93,101,187,27,132,0,168,0,137,0,168]} 1. e4 c6 2. d4 d5 3. Nd2 dxe4 4. Nxe4 Bf5 5. Ng3 Bg6 6. Bc4 $146 ({Predecessor:} 6. c3 Nd7 7. Nh3 Qc7 8. Bc4 e6 9. Nf4 Ngf6 10. Qf3 {0-1 (35) Kulkarni,C (2355)-Lalith,B (2520) Abu Dhabi 2018}) 6... e6 7. N1e2 Nf6 8. Nf4 Bd6 9. c3 Nbd7 10. Qf3 Qc7 11. O-O O-O-O 12. Nxg6 {B01: Scandinavian Defence} hxg6 13. Bg5 Rdf8 14. h3 Nh7 (14... Nh5 $11) ({Predecessor:} 14... Nd5 15. Ne4 Rh5 16. Bxd5 Bh2+ 17. Kh1 exd5 18. Ng3 Bxg3 19. Be7 Bd6 20. Bxf8 Nxf8 {0-1 (35) Kulkarni,C (2355)-Lalith,B (2520) Abu Dhabi 2018}) 15. Bd2 (15. Bc1 {with more complications.} Nhf6 16. a4 a5 17. Re1 Kb8 18. Bd2) 15... g5 16. b4 Bf4 17. Rfd1 Nhf6 18. a4 (18. Bxf4 $11 Qxf4 19. Qxf4 gxf4 20. Ne2) 18... Rh4 (18... Bxd2 $15 19. Rxd2 Rh4) 19. b5 ({White should play} 19. Bxf4 $11 Qxf4 20. Qxf4 gxf4 21. Ne2) 19... Bxd2 $1 $15 20. Rxd2 g4 $36 {[%mdl 2048] Black has some pressure.} 21. Qe3 gxh3 22. bxc6 Qxc6 {[%csl Gh3][%cal Rc6g2]} 23. Bf1 Nd5 24. Qf3 Nf4 ({Not} 24... Nxc3 25. Rc1 $16) 25. d5 (25. Qxc6+ $17 bxc6 26. gxh3) 25... Nxd5 {And now ...Ne5 would win.} 26. Nf5 {[#]} exf5 (26... hxg2 $142 $1 {[%mdl 512]} 27. Bxg2 Ne5) 27. Rxd5 $17 Nf6 28. Qxf5+ Kb8 29. Rd4 Rh5 ({Better is} 29... h2+ $15 30. Kh1 Rxd4 31. cxd4 Rd8) 30. Qf4+ $11 Ka8 (30... Qc7 $1 $11) 31. gxh3 $16 Nd5 {[#]} (31... Rd5 $16 {is a better defense.}) 32. Qg4 $2 (32. Qd2 $1 $18) 32... Nf6 (32... Rh6 $1 $11 {keeps the balance.} 33. Bg2 Rg6) 33. Qf4 {Hoping for Bg2.} Nd5 $1 {[%cal Rd5f4]} ({Weaker is} 33... Qxc3 34. Rb1 $16) 34. Qg4 Nf6 35. Qf4 {Strongly threatening Bg2.} Nd5 $1 {Accuracy: White = 31%, Black = 46%.} ({Don't play} 35... Qxc3 $6 36. Rb1 $16) 1/2-1/2

[Event "Moscow Open RSSU Cup 2019"]
[Site "Moscow"]
[Date "2019.02.02"]
[Round "9"]
[White "Ivanov, Oleg V"]
[Black "Drygalov, Andrey"]
[Result "1-0"]
[WhiteElo "2429"]
[BlackElo "2485"]
[Annotator "TA"]
[PlyCount "59"]
[EventDate "2019.01.26"]
[EventType "swiss"]
[EventCountry "RUS"]
[SourceTitle "playchess.com"]
[Source "ChessBase"]
[SourceQuality "1"]

{[%evp 12,59,24,4,19,13,15,10,26,0,-2,-10,13,21,8,14,13,14,18,22,244,250,305,225,263,253,362,373,366,381,377,389,435,433,443,444,447,425,718,718,710,711,918,923,1141,1130,1341,1316,1275,1264]} 1. e4 c5 2. Nf3 d6 3. d4 cxd4 4. Nxd4 Nf6 5. Nc3 a6 6. h3 e5 7. Nb3 Be7 {B90: Sicilian Najdorf: Unusual White 6th moves, 6 Be3 Ng4 and 6 Be3 e5} (7... Be6 8. f4 exf4 9. Bxf4 Nc6 10. Qe2 Be7 11. O-O-O Qc7 12. g4 O-O 13. g5 Nd7 14. Qe3 Rac8 15. Kb1 {1-0 (60) Van Foreest,J (2612)-Nepomniachtchi,I (2763) Wijk aan Zee 2019}) 8. g4 $146 (8. Be3 O-O 9. Qf3 b5 10. Bd3 b4 11. Ne2 Be6 12. Ng3 g6 13. Bh6 Re8 14. O-O Kh8 15. Rfd1 {½-½ (53) Ivanov,O (2495)-Drygalov,A (2318) Kolomna 2016}) ({Predecessor:} 8. Be3 h6 {0-1 (45) Sprenger,J (2486)-Paravyan,D (2629) Porto Carras 2018}) 8... h6 9. Be3 Nbd7 {The position is equal.} 10. Qf3 ({Predecessor:} 10. Qd2 b5 11. a4 Bb7 12. Bg2 b4 13. Nd5 Nxd5 14. exd5 a5 15. c3 bxc3 16. Qxc3 {0-1 (45) Sprenger,J (2486)-Paravyan,D (2629) Porto Carras 2018}) 10... b5 11. O-O-O Bb7 12. h4 b4 13. Nd5 Nxd5 14. exd5 Bxh4 15. Qe4 Kf8 $2 (15... O-O $11) 16. Qxb4 $18 {[%mdl 64] [#] Double Attack} Rb8 17. Na5 Bc8 18. Qa3 ({Don't do} 18. Qxd6+ $6 Be7 $18) 18... Be7 (18... Bg5 $142 19. Nc6 {[%mdl 64] Double Attack} (19. Qxd6+ Be7 $18) 19... Bxe3+ 20. Qxe3 Qb6) 19. Nc6 {[%mdl 64] Double Attack} Qc7 20. Nxb8 Nxb8 21. Rd3 {[%cal Bd1d3,Bd3c3,Bc3c7][%mdl 32]} g5 22. Rc3 {White is clearly winning.} Qb7 23. Qa5 {[#] Threatens to win with Rc7.} Nd7 24. Rc7 Qb8 (24... Bd8 $142) 25. Ba7 Qa8 26. Bxa6 Bxa6 27. Qxa6 Qe8 28. Qc6 Nf6 29. Rc8 Bd8 30. Bb6 {Accuracy: White = 71%, Black = 35%.} 1-0